[Event "Bundesliga 0405"]
[Site "Germany"]
[Date "2005.03.12"]
[Round "12.3"]
[White "Hansen, Sune Berg"]
[Black "Schmittdiel, Eckhard"]
[Result "1-0"]
[WhiteElo "2551"]
[BlackElo "2454"]
[Annotator "Tyomkin,D"]
[PlyCount "65"]
[EventDate "2004.11.12"]
[EventType "team-tourn"]
[EventRounds "15"]
[EventCountry "GER"]
[SourceTitle "CBM 106"]
[Source "ChessBase"]
[SourceDate "2005.06.06"]
[SourceVersion "1"]
[SourceVersionDate "2005.06.06"]
[SourceQuality "1"]
[WhiteTeam "Hamburger SK"]
[BlackTeam "Stuttgart"]
[WhiteTeamCountry "GER"]
[BlackTeamCountry "GER"]

1. e4 e6 2. d4 d5 3. Nd2 a6 4. Ngf3 Nf6 5. e5 Nfd7 6. Bd3 c5 7. c3 Nc6 8. Bc2 {
This move makes Nb3 move possible later. Fritz introduced the same idea in his
game vs Topalov- see 8.0-0 line. Other moves of white, like 8.0-0, which is
the most popular continuation, and 8.a3 lead to an obvious advantage as well.}
(8. O-O g5 (8... Be7 9. Re1 cxd4 10. cxd4 Qb6 11. Nb3 a5 12. a4 Qd8 13. Bb5 Nb4
14. Nc5 b6 15. Nd3 O-O 16. Nxb4 Bxb4 17. Bg5 $16 {1-0 Korneev,O-Giaccio,A/
Orense 2000/EXT 2001 (41)}) (8... b5 9. Re1 Qb6 10. a4 Rb8 (10... bxa4 $5) 11.
axb5 axb5 12. Ng5 cxd4 13. cxd4 Be7 (13... Qxd4 14. Ndf3 Qb4 15. Nxh7 Be7 $13)
14. Ndf3 Nxd4 $2 (14... h6 $142) 15. Nxd4 Bxg5 16. Nxe6 Qxe6 17. Bxg5 $18 {
1-0 Oll,L-Sakaev,K/Cap d'Agde 1994/EXT 97 (41)}) 9. Bb1 $146 {the same idea as
8.Bc2 move- to play Nb3 later on.} (9. dxc5 g4 (9... Nxc5 10. Nb3 Nxd3 11. Bxg5
$13) 10. Nd4 Ndxe5 11. N2b3 Bd7 12. Be2 Rg8 13. f4 gxf3 14. Nxf3 $36 {1-0
Adams,M-Legky,N/France 2001/EXT 2002 (38)}) 9... g4 10. Ne1 h5 11. Nb3 a5 12.
Nxc5 Nxc5 13. dxc5 Bxc5 14. Nd3 Ba7 15. Qa4 Bd7 16. Qf4 $16 {1-0 Comp
Fritz-Topalov,V/Bilbao 2004/CBM 102 ext (47)}) (8. a3 Qb6 9. O-O cxd4 10. cxd4
Nxd4 11. Nxd4 Qxd4 12. Nf3 Qb6 13. Qa4 Qc6 14. Qg4 Qc7 (14... Nc5 $5 15. Bc2
Nd7 $1) 15. Bf4 Nb8 16. Rfc1 Nc6 17. b4 $16 {[%cal Ga1b1,Ga3a4,Gb4b5] 1-0
Rozentalis,E-Legky,N/Cappelle la Grande 2002/CBM 086 ext (32)}) 8... cxd4 $6 {
After this move white doesn't need to play Nb3 anymore, and can move his Nd2
to better place, as happend in this game.} (8... Qb6 9. Nb3 cxd4 10. cxd4 a5
11. a4 $14) 9. cxd4 a5 10. O-O Be7 11. Nb1 $1 {[%cal Gb1c3] Typical monouevre.
Actually, this move refutes 8...cxd4 move- white knight must not go to b3
anymore, but can be transferred to c3-natural place for this knight.} b5 12.
Nc3 Ba6 (12... b4 13. Ne2 {[%cal Ge2f4,Yf4h5,Ge2g3,Yg3h5]} (13. Nb5 Ba6 14. Bd3
Qb6 15. Qe2 O-O 16. Bg5 {[%csl Gd6]}) (13. Ba4 $5)) 13. Re1 h5 $2 {Hard to
explain this move, which only creates weaknesses in black's position.} 14. a4
b4 15. Nb5 Bxb5 $2 {This move only opens white files on the queenside.} (15...
Nb6 16. Bd3 $16) 16. axb5 Na7 17. Bd3 $16 {White is better on both wings, as
well as black king will be never safe. From here, this is one way game.} Qb6
18. Qa4 Bd8 (18... Nc8 19. Be3 O-O 20. Qd1 {with the same scenario as in the
game.}) 19. Be3 Qb8 (19... Rb8 20. Nd2 Nxb5 21. Nb3 O-O 22. Nxa5 $18) 20. Nd2
O-O $2 {This move is equal to suicide- white gets crushing attack on a
kingside. Although, black's position is not any fun in all cases.} (20... Nb6
21. Qb3 $16) 21. Qd1 $1 $18 {[%mdl 128] Unfortunately for black, h5-h7 move is
illegal.} g6 22. Bh6 Re8 23. Re3 {White rook is joing the party. This is so
easy to attack having five attacking pieces against only few defenders.} Nf8
24. Rg3 {[%cal Gd1h5]} h4 25. Rg4 Nxb5 26. Qa4 {The main idea of this move is
to force the retreat of black knight, and to take off the pressure from Pd4.
The queen will join back white's attack very soon. However, white has better
way to do that.} (26. Qe2 $142 $1 Nc7 27. Qf3 $18 {[%cal Gh6f8] and black's
defense falls on a kingside.}) 26... Nc7 27. Nf3 Qc8 (27... b3 $1 {[%cal Gb8b4]
cutting off white's queen from the kingside.} 28. Nxh4 Qb4 29. Qc6 a4 30. Qc1
$1) 28. Qc2 Qd7 29. Bxf8 Kxf8 {[%tqu "En","Continue the attack!","","","d3g6",
"",5]} 30. Bxg6 {Such sacrifices do not require any calculations.} Na6 (30...
fxg6 31. Qxg6 Qf7 32. Qh6+ Ke7 33. Rg7 $18) 31. Rf4 Re7 32. Ng5 Rc8 33. Qd2 1-0

[Event "Pardubice op"]
[Site "Pardubice"]
[Date "1993.??.??"]
[Round "3"]
[White "Brodsky, Michail"]
[Black "Supatashvili, Khvicha"]
[Result "1/2-1/2"]
[WhiteElo "2515"]
[BlackElo "2440"]
[Annotator "Vaisman,V"]
[PlyCount "62"]
[EventDate "1993.07.??"]
[EventType "swiss"]
[EventRounds "9"]
[EventCountry "CZE"]
[SourceTitle "CBM 038"]
[Source "ChessBase"]
[SourceDate "1994.02.01"]
[SourceVersion "1"]
[SourceVersionDate "1994.02.01"]
[SourceQuality "1"]

1. e4 e6 2. d4 d5 3. Nd2 Nf6 4. Bd3 c5 5. e5 Nfd7 6. c3 Nc6 7. Ne2 cxd4 8. cxd4
f6 9. exf6 Nxf6 10. Nf3 Bd6 11. O-O O-O 12. Bf4 Bxf4 13. Nxf4 Ne4 14. Qc1 Ng5
15. Nxg5 Qxg5 16. Bxh7+ Kxh7 17. Nxe6 Qf5 $1 $146 (17... Qxc1 $2 {
Dvoirys-Gleizerov/St.Petersburg zt/1993/}) 18. Nxf8+ Qxf8 19. Qg5 Bf5 20. Rfe1
Rd8 21. Re3 Kg8 (21... Rd6 $5 22. Rf3 Rf6 23. Rd1 $13) 22. Rd1 (22. Rae1 $142
Nxd4 $6 23. Re7 Nc6 24. Rxb7 d4 25. Rc7 d3 $6 26. Rxc6 d2 27. Rd1 Qe8 28. h4 $1
$18) 22... Be4 23. f3 Bf5 24. Qh5 $2 (24. a3 $142 a5 25. h4 $14) 24... Qf6 $1
$10 25. Re8+ Rxe8 26. Qxe8+ Kh7 27. Qh5+ Kg8 28. Qe8+ Kh7 29. Qe3 $2 Bg6 30. a3
a5 31. b3 Qd6 $17 1/2-1/2

[Event "AUT-ch"]
[Site "Voitsberg"]
[Date "1995.??.??"]
[Round "13"]
[White "Wittmann, Walter"]
[Black "Weinzettl, Ernst"]
[Result "1/2-1/2"]
[WhiteElo "2380"]
[BlackElo "2390"]
[Annotator "Weinzettl,E"]
[PlyCount "82"]
[EventDate "1995.??.??"]
[EventType "tourn"]
[EventRounds "15"]
[EventCountry "AUT"]
[EventCategory "5"]
[SourceTitle "CBM 049 Extra"]
[Source "ChessBase"]
[SourceDate "1996.01.01"]
[SourceVersion "1"]
[SourceVersionDate "1996.01.01"]
[SourceQuality "1"]

1. e4 e6 2. d4 d5 3. Nd2 Nf6 4. e5 Nfd7 5. Bd3 c5 6. c3 Nc6 7. Ne2 cxd4 8. cxd4
f6 9. exf6 Nxf6 10. Nf3 Bd6 11. O-O O-O 12. Bf4 Bxf4 13. Nxf4 Qd6 (13... Ne4)
14. g3 e5 15. dxe5 Nxe5 16. Nxe5 Qxe5 17. Qb3 Kh8 $6 {[#]} (17... Qd6 $142) 18.
Rfe1 Qd6 19. Rac1 g5 20. Ng2 Ng4 21. f4 (21. Qc3+ d4 22. Qc7 Qxc7 23. Rxc7 Nxf2
$13) 21... gxf4 22. Nxf4 Rxf4 23. gxf4 Bd7 24. Qc3+ d4 25. Qc7 Qh6 26. Re2 Rg8
27. Rg2 (27. Bc4 Bb5 28. Rg2 Bxc4 29. Qxc4 Qxf4 $44) 27... Qh3 28. Be2 Qe3+ 29.
Kh1 Nf2+ $8 30. Rxf2 Bc6+ (30... Qxf2 31. Qe5+ Rg7 32. Qb8+ $10) 31. Rxc6 Qe4+
32. Rf3 Qxe2 33. Qe5+ Qxe5 34. fxe5 bxc6 35. Rd3 Rg4 36. b4 Kg7 37. h3 Re4 38.
Kg2 {[#]} Rxe5 (38... Kg6 39. Kf3 Kf5 40. e6 $15) 39. Rxd4 Re2+ 40. Kg3 Rxa2
41. Rd7+ Kg6 1/2-1/2

[Event "FRA-ch"]
[Site "Val d'Isere"]
[Date "2004.08.18"]
[Round "3"]
[White "Maze, Sebastien"]
[Black "Apicella, Manuel"]
[Result "1/2-1/2"]
[WhiteElo "2497"]
[BlackElo "2532"]
[Annotator "Wells,P"]
[PlyCount "66"]
[EventDate "2004.08.16"]
[EventType "tourn"]
[EventRounds "11"]
[EventCountry "FRA"]
[EventCategory "13"]
[SourceTitle "CBM 103"]
[Source "ChessBase"]
[SourceDate "2004.11.11"]
[SourceVersion "1"]
[SourceVersionDate "2004.11.11"]
[SourceQuality "1"]

1. e4 e6 2. d4 d5 3. Nd2 Nf6 4. e5 Nfd7 5. Bd3 c5 6. c3 Nc6 7. Ne2 cxd4 8. cxd4
f6 9. exf6 Nxf6 10. Nf3 Bd6 11. O-O O-O 12. Bf4 Bxf4 13. Nxf4 Ne4 14. Ne2 $5 ({
I have tended to invest most time in either} 14. g3) ({or} 14. Qc1 {but there
is no denying Black's counterchances in those cases too. Allowing the exchange
sacrifice can be ugly, but the introduction of analysis engines does not seem
to have dented the willingness of players to fight for the initiative in this
way.}) 14... Rxf3 15. gxf3 Ng5 16. Kh1 $1 {Both prophylactic, and a hint that
White will try to use the g-file as an asset too.} ({There is a less explored
alternative in} 16. f4 {but I think there are good reasons to prefer the text.
Black may even have a choice of acceptable lines in that case:} Nh3+ $5 (16...
Nf3+ 17. Kg2 Qh4 {is fun, but more risky. I'm not sure I entirely trust
Black's attack after} 18. Kxf3 Qh3+ 19. Ng3 e5 20. Ke3 (20. f5 $5 e4+ 21. Bxe4
dxe4+ 22. Kxe4 {is not obviously implausible either}) 20... exf4+ 21. Kd2 fxg3
22. hxg3 Qh6+ 23. f4 Qf6 $13 {Psakhis - although I think I still lightly
prefer White after} 24. Qh5 g6 25. Qxd5+ Be6 26. Qc5 {despite the risks
involved.}) 17. Kh1 (17. Kg2 Nxf4+ 18. Nxf4 Qg5+) 17... Qh4 18. Qd2 (18. Qe1
Nxf4 19. Nxf4 Qxf4 20. Qe3 Qxd4 {should be full compensation.}) 18... Nxf2+ 19.
Kg2 Nxd3 20. Qxd3 Bd7 21. h3 (21. Rf3 $5) 21... Rf8 22. Kh2 Be8 23. Qe3 Qf6 $44
{[%csl Ge8] This looks about comparable with the compensation which Black can
land in some of the 14 g3 lines too (14...Ng5 for example). It is to some
degree a matter of taste, but I suspect Black is doing OK.}) 16... e5 17. dxe5
Nxf3 {This may be the theoretically the soundest move, but at least White's
position retains a certain aesthetic appeal in this line.} ({The older move} 
17... Nxe5 $5 {may be the way to send White into passivity with} 18. Ng1 (18.
f4 $2 Bg4 $1 $17) (18. Nd4 Qf6 19. Qb3 $5 (19. Bc2 Bd7)) (18. Nc3 $5 {is
untested, but Fritz wants to give it a try and at least in the case of} d4 19.
f4 $1 {I can't see a fully convincing refutation.}) 18... Qf6 19. Be2 Bd7 20.
Qxd5+ Kh8 21. Rad1 Ngxf3 $1 22. Qd6 Bc6 23. Qxf6 gxf6 24. Nxf3 Nxf3 25. Rd6
Nd4+ 26. Rxc6 Nxc6 $11 {Khamrakulov,I-David,V/Condom (op) 2002.}) 18. Bxh7+ Kh8
19. Ng1 Ncd4 20. Nxf3 $5 (20. Bd3 Bg4 21. Qc1 Nxg1 $6 (21... Qf8 $1 {Psakhis.}
22. Qe3 Re8 $132) 22. Qf4 Be2 23. Kxg1 $16) 20... Bg4 21. Nxd4 $8 Bxd1 22.
Raxd1 Kxh7 23. Rg1 $1 $14 {[%csl Ge5,Rh7][%cal Gg1g7,Gd1d3] None of this is
new, but early evidence is that quite aside from the psychological
difficulties for Black of suddenly switching from enjoyment of the iniative to
defence, there are some quite concrete difficulties for Black in defending his
king. White has virtual material equality, a passed e-pawn and reasonable
activity.} (23. f4 Qb6 $1 24. f5 Qxb2 25. Rd3 (25. f6 gxf6 26. Rd3 Rg8 $1)
25... Rc8 26. f6 Rc1 $1 {was Kramnik,V-Ulibin,M/USSR(ch)1991 where Black
arrived in the nick of time to hold the balance.}) 23... Qf8 (23... Qb6 $5 {
May be better (Psakhis prefers it).} 24. Nf5 g5 $1 {A crucial resource. The
rook is lured from the back rank before his colleague can effect his dangerous
swing.} (24... Qe6 25. Rxg7+ Kh8 26. Rg5 {[%cal Yd1d4,Yd4h4]}) (24... g6 25.
Rd4 Re8 26. Rh4+ Kg8 27. Rh6 $18) 25. Rxg5 (25. f4 $5 Qxb2 $5 26. Rd3 g4 $1 $13
) 25... Qxf2 26. Nd4 Qf4 27. Rg7+ Kh8 28. Rg3 Qe4+ 29. Nf3 Rg8 $1 {and Black
defended successfully in Vokarev,S-Gleizerov,E/Koszalin 1999.}) 24. Rg3 $6 $146
{A strangely unconvincing novelty, this looks at first like a case of 'right
rank,wrong rook', but soon it becomes clear that White appreciates that of
course the d rook should be the swinger, but it is via the 4th rank that he
wishes to swing. We shall have to wait to see why the previously successful} (
24. Rd3 $5 {was rejected. I cannot find a good reason at present.} Qxf2 (24...
Re8 25. Rf3 Qb4 26. Nf5 Qe4 27. Rxg7+ Kh8 28. Rgg3 {was much better for White
in Motylev,A-Kalezic,B/Niksic 2000.}) 25. Ne6 g6 26. Rh3+ Kg8 27. Rxg6+ Kf7 28.
Rf6+ Qxf6 29. exf6 Kxe6 30. Rf3 $16 {Is rather unpleasant to defend since
Black must at all costs avoid a pawn ending and is therefore probably obliged
to kick off with the undesirable 30...Kf7.}) 24... Re8 25. Nf3 Qc5 26. Rd4 Kg8
27. Rdg4 Qxf2 (27... Re7 $5 {The withdrawal of White's knight surely eases the
defence - Black should be OK here.}) 28. Rxg7+ Kf8 29. Rc7 Rxe5 $1 {A sensible
defensive combination resulting in perpetual check.} 30. Nxe5 Qe1+ 31. Kg2 Qe2+
32. Kg1 Qe1+ 33. Kg2 Qe2+ 1/2-1/2

[Event "SWE-ch"]
[Site "Linkoping"]
[Date "2001.07.05"]
[Round "5"]
[White "Brynell, Stellan"]
[Black "Berg, Emanuel"]
[Result "1/2-1/2"]
[WhiteElo "2462"]
[BlackElo "2481"]
[Annotator "Ziegler,A"]
[PlyCount "40"]
[EventDate "2001.06.30"]
[EventType "tourn"]
[EventRounds "13"]
[EventCountry "SWE"]
[EventCategory "8"]
[SourceTitle "CBM 085"]
[Source "ChessBase"]
[SourceDate "2001.11.13"]
[SourceVersion "1"]
[SourceVersionDate "2001.11.13"]
[SourceQuality "1"]

1. e4 e6 2. d4 d5 3. Nd2 Nf6 4. e5 Nfd7 5. c3 c5 6. Bd3 Nc6 7. Ne2 cxd4 8. cxd4
f6 9. exf6 Nxf6 10. O-O Bd6 11. Nf3 O-O 12. Bf4 Bxf4 13. Nxf4 {[#]} Ng4 {
Ett intressant drag som Stellan själv har spelat en gång i tiden.} ({Som
vanligt föredrar er bulletinredaktör centrumspel med:} 13... Ne4 14. Ne2 (14.
Qc1 Qf6 15. Ne2 e5 16. dxe5 Nxe5 17. Nxe5 Qxe5 18. Bxe4 dxe4 {Med lika spel.})
(14. Nh5 g6 15. Ng3 Nxg3 16. hxg3 Qb6 17. Qa4 a6 18. Rab1 Bd7 19. Be2 {Med
lika spel som i Rublevskij-Ulibin, 1998}) (14. g3 Qf6 15. h4 h6 16. Bxe4 dxe4
17. Ne5 Rd8 18. Nxc6 bxc6 {Med lika spel.}) 14... Rxf3 15. gxf3 Ng5 16. f4 Nh3+
17. Kh1 Qh4 18. Qd2 Nxf2+ 19. Kg2 Nxd3 20. Qxd3 Bd7 {med dynamisk kompensation
för kvalitéten.}) 14. Qd2 Qd6 15. g3 Bd7 ({Centrumspel med e5 är intressant
efter} 15... e5 16. dxe5 Ngxe5 17. Nxe5 Nxe5 (17... Qxe5 18. Rfe1) 18. Be4 d4 {
Med tvéeggat spel. Om svart lyckas gardera bonden på ett tillfredställande
sätt står han bra eftersom bonden stör vits koordination.}) 16. Rfe1 Rae8 17.
Bf1 (17. Rad1 e5 18. dxe5 Ncxe5 19. Be4 {Michael Göransson hittade det
spännande:} dxe4 $5 (19... Kh8 20. Nxe5 Rxe5 21. Bxd5 Rxe1+ 22. Rxe1 {Ger vit
en fördel.}) 20. Qxd6 Nxf3+ 21. Kg2 Nxe1+ 22. Rxe1 Bc6 {Svart hotar bland
annat g5. Vit har ett minimalt materiellt plus men svarts olika hot kommer med
stor sannolikhet garantera minst lika spel.}) 17... Nf6 18. Bd3 Ng4 19. Bf1 Nf6
20. Bd3 Ng4 1/2-1/2

[Event "SWE-ch"]
[Site "Linkoping"]
[Date "2001.07.12"]
[Round "11"]
[White "Carlsson, Pontus"]
[Black "Berg, Emanuel"]
[Result "0-1"]
[WhiteElo "2330"]
[BlackElo "2496"]
[Annotator "Ziegler,A"]
[PlyCount "66"]
[EventDate "2001.06.30"]
[EventType "tourn"]
[EventRounds "13"]
[EventCountry "SWE"]
[EventCategory "8"]
[SourceTitle "CBM 085"]
[Source "ChessBase"]
[SourceDate "2001.11.13"]
[SourceVersion "1"]
[SourceVersionDate "2001.11.13"]
[SourceQuality "1"]

1. e4 e6 2. d4 d5 3. Nd2 Nf6 4. e5 Nfd7 5. Bd3 c5 6. c3 Nc6 7. Ne2 cxd4 8. cxd4
f6 9. exf6 Qxf6 {De två musketörerna i den här varianten är stormästarna
Gleizerov och Ulibin. The two musketeers in this line is the grandmasters
Gleizerov and Ulibin.} 10. Nf3 h6 11. O-O (11. Qc2 $5) 11... Bd6 12. Bb1 (12.
Be3 {Direkt är nog lite bättre. Is probably better.}) 12... g5 {Emanuel
introducerar ett nytt drag. Emanuel introduces a new move.} (12... O-O {
Är vanligt med mycket teori. Is common, with loads of games.}) 13. Be3 {
Vit stabiliserar i centrum. White is holding on to the centre.} Nf8 {Berg is
an active player and allways seeks for better squares for his pieces.} 14. Ne1
{[#]Pontus bestämmer sig för att öpnna upp f-linjen. White decides to open the
f-linje. It was playable but maybe not advisable.} (14. Re1 {Tornen skall stå
på halvöppna linjer. The rook belongs to the e-file:} Ng6 15. Nc3 {Är ett sätt
att diskutera huruvida ...g5 är bra eller inte. Was a way to diskuss wheteher .
..g5 was good or not.}) 14... Ng6 15. f4 Nge7 (15... Nxf4 16. g3 (16. Nxf4 Bxf4
17. Bxf4 gxf4 18. Nf3 {Är inget att oroa sig för som svart. Is nothing to
worry about as black.}) 16... Nxe2+ 17. Qxe2 Qg7 18. Qh5+ Ke7 19. Bg6 {Med
kompensation för bonden. With compensation for the pawn.}) 16. Nf3 $2 (16. Rf2
{Behåller balansen. keeps the balance.}) 16... gxf4 17. Ne5 $2 (17. Ne1) 17...
Nxd4 18. Nxf4 {Vit har spelat för optimistiskt och är redan förlorad. White is
allready lost. Many of Bergs games were like this. The real fight was over
before 20 moves. He sure has prospects.} Bxe5 19. Qh5+ Kd8 20. Nxd5 Nxd5 21.
Rxf6 Bxf6 {Vit har ingen kompensation för sin materiella underlägsenhet.
Pontus provar lite: White lacks compensation. He is testing a little:} 22. Bf2
Nf4 23. Qf7 Be7 24. Bd3 Rf8 {[#]} 25. Qg7 Nde2+ 26. Bxe2 Nxe2+ 27. Kf1 Nf4 28.
Kg1 Ke8 29. Be3 Bd7 30. Rd1 Rc8 31. Qxh6 Bc5 32. Bxc5 Rxc5 33. Qg7 $2 (33. h3 {
Är enda draget som håller uppe kampen. would prolong the fight.}) 33... Rd5 0-1